Genshin Impact Character Quiz - Statistics

General Stats
  • This quiz has been taken 96 times
  • The average score is 13 of 16
Answer Stats
Picture Answer % Correct
the one I saw gay hentai of (specifically he was doing the one diagonally down and to the right usually)
97%
the one i saw gay hentai of
88%
the one i saw gay hentai of
88%
the one i saw gay hentai of
87%
the one i saw gay hentai of
87%
the one i saw gay hentai of
87%
the one I saw gay hentai of
86%
the one i saw gay hentai of
86%
is this one a nman??/ i googled male genshin impact character and she showed up i dont think she ewas in any of the gay hentais i have seen
85%
the one i saw gay hentai of
83%
the one i saw gay hentai of
83%
the one i didn't see gay hentai of (i was lying i did)
81%
the one i saw gay hentai of
81%
the one i saw yaoi of
81%
the one i saw gay hentai of
78%
John F. Kennedy
47%
No matching quizzes found
Score Distribution
Percent of People with Each Score
Percentile by Number Answered
Your Score History
You have not taken this quiz